| 000 | 00436cam a2200169ua 4500 | ||
|---|---|---|---|
| 041 |
_aeng _h |
||
| 082 |
_a821 _bSHE/SH |
||
| 100 | _aShelly, . | ||
| 245 |
_aShelly`s poems, Vol 2 / _cShelly. _hTextual Documents |
||
| 260 |
_aLondon : _bJ M Dent and Sons Ltd , _c1953. |
||
| 300 | _a454 ; . | ||
| 440 | 0 |
_aEveryman`s Library, _v258 _x; |
|
| 490 | 0 |
_aEveryman`s Library, _v258 _x; |
|
| 504 | _a | ||
| 942 | _cBK | ||
| 999 |
_c5221 _d5221 |
||